F1 Grand Prix Circuits (1991-2000) - Statistics

General Stats
  • This quiz has been taken 176 times
    126 since last reset
  • The average score is 18 of 26
Answer Stats
Laps Raced Answer Years Hosted % Correct
530 Autodromo Nazionale di Monza 1991-2000
93%
598 Silverstone Circuit 1991-2000
93%
440 Circuit de Spa-Francorchamps 1991-2000
90%
614 Autodromo Enzo e Dino Ferrari 1991-2000
89%
524 Suzuka International Racing Course 1991-2000
88%
761 Circuit de Monaco 1991-2000
87%
401 Nürburgring 1995-2000
86%
713 Autódromo José Carlos Pace 1991-2000
81%
649 Circuit de Catalunya 1991-2000
81%
770 Hungaroring 1991-2000
81%
450 Hockenheimring Baden-Württemberg 1991-2000
80%
289 Melbourne Grand Prix Circuit 1996-2000
74%
674 Circuit Gilles Villeneuve 1991-2000
73%
284 A1-Ring 1997-2000
68%
336 Adelaide Street Circuit 1991-1995
68%
112 Sepang International Circuit 1999-2000
68%
716 Circuit de Nevers Magny-Cours 1991-2000
67%
426 Autódromo do Estoril 1991-1996
65%
73 Indianapolis Motor Speedway 1999
65%
138 Circuito Permanente de Jerez 1994, 1997
58%
144 Kyalami Grand Prix Circuit 1992-1993
58%
136 Autódromo Hermanos Rodríguez 1991-1992
48%
76 Donington Park 1993
48%
288 Autódromo Oscar Alfredo Gálvez 1995-1998
47%
81 Phoenix Street Circuit 1991
43%
166 TI Circuit Aida 1994-1995
7%
No matching quizzes found
Score Distribution
Percent of People with Each Score
Percentile by Number Answered
Your Score History
You have not taken this quiz since the last reset